China and imperialism : (Record no. 72357)

MARC details
000 -LEADER
fixed length control field 00983nam a22002537a 4500
005 - DATE AND TIME OF LATEST TRANSACTION
control field 20121220122222.0
008 - FIXED-LENGTH DATA ELEMENTS--GENERAL INFORMATION
fixed length control field 121220t xxu||||| |||| 00| 0 eng d
010 ## - LCCN (DPL NO)
LC control number ENG-106523
020 ## - INTERNATIONAL STANDARD BOOK NUMBER
International Standard Book Number 9788121202077
Terms of availability 900.00
035 ## - SYSTEM CONTROL NUMBER
System control number EN-90056
037 ## - SOURCE OF ACQUISITION
Source of stock number/acquisition DBAD/PUB
040 ## - CATALOGING SOURCE
Original cataloging agency DPL
Language of cataloging Eng
082 ## - DEWEY DECIMAL CLASSIFICATION NUMBER
Classification number 951.03
100 1# - MAIN ENTRY--PERSONAL NAME
Personal name Tan Chung
9 (RLIN) 54466
245 10 - TITLE STATEMENT
Title China and imperialism :
Statement of responsibility, etc by Tan Chung ; abridged and edited by D.N. Gupta
Remainder of title during the nineteenth century /
260 ## - PUBLICATION, DISTRIBUTION, ETC. (IMPRINT)
Place of publication, distribution, etc New Delhi
Name of publisher, distributor, etc Gyan Publishing House
Date of publication, distribution, etc 2013
270 ## - ADDRESS
Address 23, Main Ansari Road, Daryaganj
City New Delhi
Postal code 110002
300 ## - PHYSICAL DESCRIPTION
Extent 312p.
Dimensions 23cm(Hb)
500 ## - GENERAL NOTE
General note Includes bibliographical references and index.
700 ## - ADDED ENTRY--PERSONAL NAME
Personal name Gupta, D.N.
9 (RLIN) 54486
942 ## - ADDED ENTRY ELEMENTS (KOHA)
Source of classification or shelving scheme Dewey Decimal Classification
Item type English Books
Classification part 951.03
Call number suffix TAN
Holdings
Withdrawn status Lost status Source of classification or shelving scheme Damaged status Not for loan Collection code Home library Current library Date acquired Source of acquisition Cost, normal purchase price Total Checkouts Full call number Barcode Date last seen Copy number Cost, replacement price Koha item type
    Dewey Decimal Classification   Not For Loan Non-fiction D.B.Act.Division D.B.Act.Division 20/12/2012 DBAD/PUB 900.00   951.03 TAN EN-90056 20/12/2012 1 900.00 English Books

© Delhi Public Library
Hit Counter
free hit counter